000
00336nam a22001457a 4500
003
ASAB
005
20180827062636.0
008
150414t xxu||||| |||| 00| 0 eng d
020
_a
93-82226-79-6
040
_c
ASAB
100
_a
Dr. Millea Cooke
_9
968
245
_a
Biodiversity and irrigation
300
_a
320 p.
942
_2
ddc
_c
BK
999
_c
480111
_d
480111